000 01040cam a22003253a 4500
001 17624
003 PGUSA
005 20140828083357.0
008 060129s2006||||xxu|||||s|||||000 | eng d
040 _aPGUSA
_beng
042 _adc
050 4 _aZ
100 1 _aDibdin, Thomas Frognall,
_d1776-1847
245 1 2 _aA Bibliographical, Antiquarian and Picturesque Tour in France and Germany, Volume Three
_h[electronic resource] /
_cThomas Frognall Dibdin
260 _bProject Gutenberg,
_c2006
506 _aPublic domain in the USA.
516 _aElectronic text
653 _aBibliography
653 _aLibraries -- France
653 _aManuscripts -- Germany
653 _aLiterary journeys -- Germany
653 _aGermany -- Description and travel
653 _aFrance -- Description and travel
653 _aManuscripts -- France
653 _aLiterary journeys -- France
653 _aLibraries -- Germany
830 0 _aProject Gutenberg
_v17624
856 4 0 _uhttp://www.gutenberg.org/ebooks/17624
942 _cEB
999 _c246879
_d246879